<?xml version="1.0" encoding="UTF-8"?>
<record
    xmlns:xsi="http://www.w3.org/2001/XMLSchema-instance"
    xsi:schemaLocation="http://www.loc.gov/MARC21/slim http://www.loc.gov/standards/marcxml/schema/MARC21slim.xsd"
    xmlns="http://www.loc.gov/MARC21/slim">

  <leader>00687cam a22002051  4500</leader>
  <controlfield tag="001">ne 63000950 </controlfield>
  <controlfield tag="003">DLC</controlfield>
  <controlfield tag="005">20260227111745.0</controlfield>
  <controlfield tag="008">820305s1962    ua            000 0 ararc</controlfield>
  <datafield tag="010" ind1=" " ind2=" ">
    <subfield code="a">ne 63000950 </subfield>
  </datafield>
  <datafield tag="035" ind1=" " ind2=" ">
    <subfield code="a">(OCoLC)8215287</subfield>
  </datafield>
  <datafield tag="040" ind1=" " ind2=" ">
    <subfield code="a">Princeton Univ. Libr.</subfield>
    <subfield code="c">TU</subfield>
    <subfield code="d">TU</subfield>
    <subfield code="d">DLC</subfield>
  </datafield>
  <datafield tag="042" ind1=" " ind2=" ">
    <subfield code="a">premarc</subfield>
  </datafield>
  <datafield tag="050" ind1="0" ind2="0">
    <subfield code="a">PJ7814.S5</subfield>
    <subfield code="b">J5</subfield>
  </datafield>
  <datafield tag="100" ind1="1" ind2=" ">
    <subfield code="a">&#x2BB;&#x100;sh&#x16B;r, Nu&#x2BB;m&#x101;n.</subfield>
  </datafield>
  <datafield tag="245" ind1="1" ind2="0">
    <subfield code="a">Jins al-&#x1E24;ar&#x12B;m,</subfield>
    <subfield code="b">k&#x16B;m&#x12B;dy&#x101; ijtim&#x101;&#x2BB;&#x12B;yah khaff&#x304;ah f&#x12B; thal&#x101;that fu&#x1E63;&#x16B;l.</subfield>
    <subfield code="c">bi-qalam Nu&#x2BB;m&#x101;n &#x2BB;&#x100;sh&#x16B;r.</subfield>
  </datafield>
  <datafield tag="260" ind1=" " ind2=" ">
    <subfield code="a">[al-Q&#x101;hirah,</subfield>
    <subfield code="b">al-D&#x101;r al-Qawm&#x12B;yah lil-&#x1E6C;ib&#x101;&#x2BB;ah wa-al-Nashr,</subfield>
    <subfield code="c">1962 ?]</subfield>
  </datafield>
  <datafield tag="300" ind1=" " ind2=" ">
    <subfield code="a">144 p.</subfield>
    <subfield code="c">24 cm.</subfield>
  </datafield>
  <datafield tag="490" ind1="0" ind2=" ">
    <subfield code="a">al-Kit&#x101;b al-m&#x101;s&#x12B;, qi&#x1E63;a&#x1E63; &#x2BB;Arab&#x12B;yah.</subfield>
  </datafield>
  <datafield tag="999" ind1=" " ind2=" ">
    <subfield code="c">45868</subfield>
    <subfield code="d">45868</subfield>
  </datafield>
</record>
